Derecho tributario municipal ecuatoriano (Registro nro. 303526)

Detalles MARC
000 -ENCABEZADO
Número de control [NR] 01248cam a2200349 i 4500
001 - NÚMERO DE CONTROL
control field ocn915171191
005 - FECHA Y HORA DE LA ÚLTIMA TRANSACCIÓN
control field 20160602143652.0
008 - DE LONGITUD FIJA DE DATOS DE ELEMENTOS - INFORMACIÓN GENERAL
Elementos de longitud fija [NR] 1606 s2014 ec frb 000 0 spa d
010 ## - NUMERO DE CONTROL DE LA BIBLIOTECA DEL CONGRESO (LC) [NR]
Numero de control LC Cancelado/invalido [R] 2015469290
020 ## - NUMERO INTERNACIONAL NORMALIZADO PARA LIBROS [R]
Número Internacional Normalizado del libro [NR] 9789978847084
020 ## - NUMERO INTERNACIONAL NORMALIZADO PARA LIBROS [R]
ISBN Cancelado/ Invalidado [R] 9978847081
020 ## - NUMERO INTERNACIONAL NORMALIZADO PARA LIBROS [R]
Número Internacional Normalizado del libro [NR] 9789978196199
020 ## - NUMERO INTERNACIONAL NORMALIZADO PARA LIBROS [R]
ISBN Cancelado/ Invalidado [R] 9978196196
035 ## - NUMERO DE CONTROL DEL SISTEMA [R]
Número de control del sistema [NR] (OCoLC)915171191
040 ## - FUENTE DE CATALOGACION [NR]
Agencia de catalogación original [NR] Co-BoUCM
Idioma de catalogación [NR] spa
Quien Cataloga Saul Niño
Quien Clasifica Saul Niño
041 0# - CODIGO DE IDIOMA [R]
Código de idioma para texto/pista de sonido o título separado [R] Español
100 1# - ASIENTO PRINCIPAL--NOMBRE PERSONAL [NR]
Nombre personal [NR] Montaño Galarza, César
Fechas asociadas con el nombre [NR] 1969-
ID Autoridad 77537
245 10 - MENCION DE TITULO [NR]
Título [NR] Derecho tributario municipal ecuatoriano
Parte restante del título [NR] fundamentos y práctica
Mención de responsabilidad, etc. [NR] César Montaño Galarza, Juan Carlos Mogrovejo Jaramillo
260 ## - PUBLICACION, DISTRIBUCION, ETC. (PIE DE IMPRENTA) [R]
Lugar de publicación, distribución, etc. [R] Quito (Ecuador)
Nombre del editor, distribuidor, etc. [R] Corporación Editora Nacional
Fecha de publicación, distribución, etc. [R] 2014
300 ## - DESCRIPCION FISICA [R]
Extensión [R] 225 páginas
490 0# - MENCION DE SERIE [R]
Mención de serie [R] Estudios jurídicos
Designación numérica/secuencial del volumen [NR] 36
504 ## - NOTA DE BIBLIOGRAFIA, ETC. [R]
Nota de bibliografía, etc. [NR] Incluye referencias bibliográficas
650 #7 - ASIENTO SECUNDARIO DE MATERIA - TERMINO TEMATICO [R]
Término temático o nombre geográfico como elemento de entrada [NR] Impuestos
Subdivisión general [R] Legislación
Subdivisión geográfica [R] Ecuador
9 (RLIN) 17233
650 #7 - ASIENTO SECUNDARIO DE MATERIA - TERMINO TEMATICO [R]
Término temático o nombre geográfico como elemento de entrada [NR] Gobierno municipal
Subdivisión geográfica [R] Ecuador
9 (RLIN) 16482
650 #7 - ASIENTO SECUNDARIO DE MATERIA - TERMINO TEMATICO [R]
Término temático o nombre geográfico como elemento de entrada [NR] Tributación económica
9 (RLIN) 25886
650 #7 - ASIENTO SECUNDARIO DE MATERIA - TERMINO TEMATICO [R]
Término temático o nombre geográfico como elemento de entrada [NR] Finanzas corporativas
Subdivisión general [R] Legislación
9 (RLIN) 15895
651 #7 - ASIENTO SECUNDARIO DE MATERIA - NOMBRE GEOGRAFICO [R]
Nombre geográfico [NR] Ecuador
9 (RLIN) 26934
690 #0 - ASUNTO AGREGADO LOCAL DE ENTRADA - TÉRMINO TEMÁTICO (OCLC, RLIN)
Acceso temático local Derecho tributario
9 (RLIN) 12836
700 1# - ASIENTO SECUNDARIO - NOMBRE PERSONAL [R]
Nombre personal [NR] Mogrovejo Jaramillo, Juan Carlos
9 (RLIN) 77538
942 ## - ELEMENTOS DE ENTRADA AGREGADOS (KOHA)
Sistema de clasificación DEWEY
Tema principal Derecho
Tipo de ítem principal el descrito en 300a Libro
Edición 1
Clasificación 343.04866
Parte restante de la signatura top. D431tr
Existencias
Signatura topográfica Código de barras Última vez visto Ejemplar Costo de reposición Price effective from Tipo de ítem Perdido Sistema de clasificación Dañado No prestable Tipo de ítem específico Suprimido Ubicación habitual Ubicación actual Localización Fecha de creación Proveedor Forma de adquisición Costo
343.04866 D431tr 100149717 06/06/2024 Ej.1 26000.00 27/05/2016 Libro   DEWEY     Libro   Bodega Bodega 3er piso 27/05/2016 12 Donación 0.00